000 02034nam a2200277Ia 4500
999 _c44988
_d44988
001 11809
003 GE_BSU
005 20240618114127.0
008 181216s2013||||ge |||||||||||||| ||geo||
020 _a978-9941-22-095-1
040 _cGE_BSU
041 _ageo
080 _a005.511+338.22 ც–51
100 _aცეცხლაძე, ლეილა
_911727
245 _aმცირე ბიზნესის ორგანიზაციისა და მართვის სტრატეგია თანამედროვე საბაზრო სისტემაში /
_cლეილა ცეცხლაძე ; რედ. რეზო მანველიძე ; ბათუმის შოთა რუსთაველის სახელმწ. უნ-ტი, სოციალ. მეცნ., ბიზნ. და სამართალმცოდნ. ფაკ-ტი, ეკონ. პოლიტ. და ბიზნ. ადმინისტრირების დეპარტამენტი.
264 _aბათუმი :
_bუნივერსიტეტის გამ–ბა,
_c2013.
300 _a244 გვ. ;
_c20 სმ.
_e სქ., ცხრ.
500 _aდანართები : გვ. 242-244
504 _aბიბლიოგრ. : გვ. 231-241
520 _aრეზიუმე ინგლისურ ენაზე
653 _aმცირე ბიზნესი
653 _aბიზნესის მართვა
700 _aმანველიძე, რეზო
_eრედაქტორი
_91497
710 _aბათუმის შოთა რუსთაველის სახელმწ. უნ-ტი
_bსოციალ. მეცნ., ბიზნ. და სამართალმცოდნ. ფაკ-ტი,
_eეკონ. პოლიტ. და ბიზნ. ადმინისტრირების დეპარტამენტი
_922472
942 _cBK
_2udc